[Event "Mittelrhein Verbandsliga-M 1112"]
[Site "Germany"]
[Date "2012.03.18"]
[Round "8.5"]
[White "Rolf, Klaus"]
[Black "Samorukova, Jana"]
[Result "0-1"]
[WhiteElo "1777"]
[BlackElo "1828"]
[PlyCount "80"]
[EventDate "2011.09.18"]
[EventType "team-tourn"]
[EventRounds "11"]
[EventCountry "GER"]
[SourceTitle "EXT 2013"]
[Source "ChessBase"]
[SourceDate "2012.11.22"]
[SourceVersion "1"]
[SourceVersionDate "2012.11.22"]
[SourceQuality "1"]
[WhiteTeam "Aachen Aufwaerts III"]
[BlackTeam "Godesberg V"]
[WhiteTeamCountry "GER"]
[BlackTeamCountry "GER"]

1. Nf3 d5 2. c4 e6 3. g3 dxc4 4. Bg2 c6 5. 0-0 b5 6. a4 Bb7 7. b3 cxb3 8. Qxb3 a6 9. d4 Nf6 10. Nc3 Be7 11. e4 0-0 12. Rd1 Qc8 13. e5 Nd5 14. Nxd5 exd5 15. Be3 Nd7 16. Ne1 Nb6 17. axb5 axb5 18. Rxa8 Qxa8 19. Bd2 Nc4 20. Bc3 Qa7 21. Ra1 Qb6 22. Nd3 Ra8 23. Rxa8+ Bxa8 24. Nb4 Bb7 25. h3 g6 26. Kh2 Kg7 27. Bf3 Bc8 28. Kg2 Be6 29. Kh2 Nxe5 30. dxe5 Qxf2+ 31. Bg2 d4 32. Qb2 Qxb2 33. Bxb2 Bxb4 34. Bxd4 c5 35. Bb2 Bd2 36. Kg1 c4 37. Be4 c3 38. Ba1 Bb3 39. Kf1 c2 40. e6+ Kf8 0-1

[Event "BL2 West 1112 (Women)"]
[Site "Germany"]
[Date "2012.02.11"]
[Round "6.1"]
[White "Zschischang, Marine"]
[Black "Samorukova, Jana"]
[Result "1-0"]
[WhiteElo "2087"]
[BlackElo "1839"]
[PlyCount "165"]
[EventDate "2011.10.29"]
[EventType "team-tourn"]
[EventRounds "7"]
[EventCountry "GER"]
[SourceTitle "EXT 2013"]
[Source "ChessBase"]
[SourceDate "2012.11.22"]
[SourceVersion "1"]
[SourceVersionDate "2012.11.22"]
[SourceQuality "1"]
[WhiteTeam "Lehrte (W)"]
[BlackTeam "Dortmund 1875 (W)"]
[WhiteTeamCountry "GER"]
[BlackTeamCountry "GER"]

1. d4 d5 2. c4 e6 3. Nc3 c6 4. e3 Nf6 5. Nf3 Nbd7 6. a3 Bd6 7. Bd3 dxc4 8. Bxc4 0-0 9. 0-0 b5 10. Bd3 Bb7 11. b4 a5 12. bxa5 Rxa5 13. Qb3 Qe7 14. Bb2 Rfa8 15. Nb1 b4 16. Nbd2 c5 17. axb4 Rxa1 18. Rxa1 Rxa1+ 19. Bxa1 cxd4 20. Nxd4 Bxb4 21. Bc3 Bxc3 22. Qxc3 Qc5 23. Qxc5 Nxc5 24. Bc4 Bd5 25. f3 Bxc4 26. Nxc4 Nfd7 27. e4 e5 28. Nc6 f6 29. Nd6 Kf8 30. Kf2 Ne6 31. Ke3 Nc7 32. g3 Ne8 33. Nc4 Kf7 34. h4 h5 35. f4 exf4+ 36. gxf4 g6 37. f5 Nc5 38. fxg6+ Kxg6 39. Ne7+ Kf7 40. Nd5 Ne6 41. Kd3 Nc5+ 42. Kd4 Ne6+ 43. Ke3 N8g7 44. Nd6+ Kg6 45. Ne7+ Kh7 46. Nef5 Nf8 47. Kd4 Ng6 48. Kd5 Nxf5 49. Nxf5 Nf4+ 50. Kd6 Kg6 51. Ke7 Nd3 52. Ng3 Nf4 53. Kd6 Ng2 54. Nf5 Kf7 55. Kd7 Nf4 56. Nd6+ Kg6 57. Ke7 Ng2 58. Nf5 Nf4 59. Ke8 Ne2 60. Kf8 Nf4 61. Ne7+ Kh7 62. Kf7 Nd3 63. Kxf6 Nf2 64. Kf5 Kg7 65. Nd5 Ng4 66. Nf4 Kh6 67. e5 Ne3+ 68. Kf6 Ng4+ 69. Ke6 Nh2 70. Kd7 Nf3 71. e6 Ne5+ 72. Kd6 Ng4 73. e7 Nf6 74. Ke6 Ne8 75. Kf7 Nc7 76. e8Q Nxe8 77. Kxe8 Kg7 78. Nxh5+ Kg6 79. Nf4+ Kf5 80. h5 Kg5 81. Kf7 Kh6 82. Kf8 Kg5 83. Kg7 1-0

[Event "BL2 West 1112 (Women)"]
[Site "Germany"]
[Date "2011.12.18"]
[Round "5.2"]
[White "Samorukova, Jana"]
[Black "Henrichs, Wenke"]
[Result "0-1"]
[WhiteElo "1839"]
[BlackElo "2053"]
[PlyCount "100"]
[EventDate "2011.10.29"]
[EventType "team-tourn"]
[EventRounds "7"]
[EventCountry "GER"]
[SourceTitle "EXT 2013"]
[Source "ChessBase"]
[SourceDate "2012.11.22"]
[SourceVersion "1"]
[SourceVersionDate "2012.11.22"]
[SourceQuality "1"]
[WhiteTeam "Dortmund 1875 (W)"]
[BlackTeam "Wattenscheid (W)"]
[WhiteTeamCountry "GER"]
[BlackTeamCountry "GER"]

1. d4 Nf6 2. Bg5 e6 3. e4 h6 4. Bxf6 Qxf6 5. c3 d6 6. Bd3 Nd7 7. Ne2 g6 8. 0-0 Bg7 9. f4 Qe7 10. Nd2 e5 11. Qe1 0-0 12. Qg3 c5 13. fxe5 dxe5 14. d5 Nf6 15. Kh1 Ne8 16. Nc4 b5 17. Ne3 c4 18. Bc2 Nd6 19. a4 Bd7 20. axb5 Bxb5 21. Ng1 Rab8 22. Nf3 Be8 23. Ra2 Rb7 24. Nd2 Qc7 25. Qf2 Bb5 26. Qg3 Rfb8 27. Rfa1 Be8 28. Nd1 f5 29. exf5 gxf5 30. Qf2 Bh5 31. Rxa7 Bxd1 32. Bxd1 Qf7 33. Qc5 Bf8 34. Rxb7 Rxb7 35. Nxc4 Ne4 36. Qc6 Nf2+ 37. Kg1 Nd3 38. b4 e4 39. Be2 Rc7 40. Qb5 Nf4 41. Bf1 Nxd5 42. Ne5 Nxc3 43. Qb8 Rb7 44. Qc8 Rc7 45. Qb8 Qg7 46. Ng6 Ne2+ 47. Bxe2 Qxa1+ 48. Kf2 Qd4+ 49. Kg3 Qd6+ 50. Nf4 Rg7+ 0-1

[Event "NRW-ch"]
[Site "Herne"]
[Date "2008.10.03"]
[Round "9"]
[White "Samorukova, Jana"]
[Black "Vogel, Christian"]
[Result "1-0"]
[WhiteElo "1817"]
[BlackElo "2189"]
[PlyCount "123"]
[EventDate "2008.09.27"]
[EventType "swiss"]
[EventRounds "9"]
[EventCountry "GER"]
[SourceTitle "EXT 2010"]
[Source "ChessBase"]
[SourceDate "2010.11.25"]
[SourceVersion "1"]
[SourceVersionDate "2010.11.25"]
[SourceQuality "1"]

1. d4 g6 2. e4 Bg7 3. Nf3 d6 4. Be2 Nf6 5. Nc3 0-0 6. 0-0 c6 7. Bf4 Nbd7 8. e5 Ne8 9. Qd2 dxe5 10. dxe5 Nc7 11. Rad1 Ne6 12. Bg3 Qa5 13. Qe3 b5 14. a3 Qc7 15. Rfe1 a5 16. Bf1 Ba6 17. Nd2 Nb6 18. f4 b4 19. Nce4 Nd5 20. Qf2 Qa7 21. Qxa7 Rxa7 22. Bf2 Raa8 23. g3 Bxf1 24. Kxf1 Rfe8 25. Nc5 Nxc5 26. Bxc5 Bf8 27. Kg2 f6 28. exf6 exf6 29. Bxf8 Kxf8 30. Nc4 bxa3 31. bxa3 Rab8 32. Kf3 a4 33. h3 Re7 34. g4 Rbe8 35. Rxe7 Rxe7 36. h4 Ke8 37. Rb1 h5 38. gxh5 gxh5 39. Rb8+ Kf7 40. Rh8 Re1 41. Rxh5 Rf1+ 42. Kg3 Rxf4 43. Nd6+ Ke6 44. Rxd5 Rxh4 45. Rd3 Rh5 46. Ne4 Rb5 47. Rc3 Ke5 48. Nc5 Ra5 49. Nd3+ Kd5 50. Nb4+ Kd4 51. Rxc6 Rc5 52. Rxf6 Rc3+ 53. Rf3 Kc4 54. Kf4 Rxf3+ 55. Kxf3 Kc3 56. Ke3 Kb2 57. Kd4 Kxa3 58. Nd3 Ka2 59. c4 Kb1 60. c5 a3 61. Nb4 Kb2 62. Kc4 1-0

[Event "NRW-ch"]
[Site "Herne"]
[Date "2008.10.02"]
[Round "7"]
[White "Laube, Rainer"]
[Black "Samorukova, Jana"]
[Result "1/2-1/2"]
[WhiteElo "2082"]
[BlackElo "1817"]
[PlyCount "35"]
[EventDate "2008.09.27"]
[EventType "swiss"]
[EventRounds "9"]
[EventCountry "GER"]
[SourceTitle "EXT 2010"]
[Source "ChessBase"]
[SourceDate "2010.11.25"]
[SourceVersion "1"]
[SourceVersionDate "2010.11.25"]
[SourceQuality "1"]

1. d4 d5 2. Nf3 Nf6 3. e3 c5 4. dxc5 e6 5. a3 Bxc5 6. b4 Be7 7. Bb2 0-0 8. Nbd2 a5 9. b5 Nbd7 10. c4 b6 11. Be2 Bb7 12. 0-0 Rc8 13. Rc1 Nc5 14. Nd4 Rc7 15. cxd5 Bxd5 16. Nc4 Ncd7 17. Nd2 Nc5 18. Nc4 1/2-1/2

[Event "NRW-ch"]
[Site "Herne"]
[Date "2008.10.01"]
[Round "6"]
[White "Samorukova, Jana"]
[Black "Kluge, Heidemarie"]
[Result "1-0"]
[WhiteElo "1817"]
[BlackElo "1814"]
[PlyCount "78"]
[EventDate "2008.09.27"]
[EventType "swiss"]
[EventRounds "9"]
[EventCountry "GER"]
[SourceTitle "EXT 2010"]
[Source "ChessBase"]
[SourceDate "2010.11.25"]
[SourceVersion "1"]
[SourceVersionDate "2010.11.25"]
[SourceQuality "1"]

1. d4 Nf6 2. Bg5 e6 3. e4 Be7 4. Bd3 h6 5. Be3 d6 6. Ne2 Nbd7 7. 0-0 b6 8. f3 g5 9. Ng3 Bb7 10. Nd2 Nf8 11. c4 Qd7 12. Bc2 Ng6 13. Ba4 c6 14. Nb1 Ba6 15. d5 b5 16. dxc6 Qxc6 17. cxb5 Bxb5 18. Bxb5 Qxb5 19. Qd2 d5 20. Nc3 Qa5 21. Nxd5 Qxd2 22. Nxf6+ Bxf6 23. Bxd2 Bxb2 24. Rab1 Bd4+ 25. Kh1 Bb6 26. Bc3 e5 27. Nf5 f6 28. Rfd1 Rh7 29. Rd6 Nf4 30. Rxf6 Nd3 31. h3 h5 32. Kh2 g4 33. h4 gxf3 34. gxf3 Rc7 35. Rb3 Nc1 36. Ra3 Bc5 37. Raa6 Bg1+ 38. Kxg1 Rxc3 39. Rfe6+ Kd7 1-0

[Event "GER-chT U20 Girls"]
[Site "Stuttgart"]
[Date "2007.12.27"]
[Round "1.1"]
[White "Lorenz, Nicole"]
[Black "Samorukova, Jana"]
[Result "1/2-1/2"]
[WhiteElo "1729"]
[BlackElo "1695"]
[PlyCount "68"]
[EventDate "2007.12.27"]
[EventType "team-swiss"]
[EventRounds "7"]
[EventCountry "GER"]
[SourceTitle "EXT 2009"]
[Source "ChessBase"]
[SourceDate "2008.11.26"]
[SourceVersion "1"]
[SourceVersionDate "2008.11.26"]
[SourceQuality "1"]
[WhiteTeam "Dresden Gruen Weiss U20 Girls"]
[BlackTeam "Fritzdorf Gruen Weiss U20 Girls"]
[WhiteTeamCountry "GER"]
[BlackTeamCountry "GER"]

1. e4 e5 2. Bc4 Nc6 3. d3 Nf6 4. Nf3 Be7 5. 0-0 0-0 6. c3 d5 7. exd5 Nxd5 8. Re1 Bg4 9. h3 Bh5 10. Nbd2 Nb6 11. Bb5 f6 12. Ne4 Qd5 13. c4 Qf7 14. Bxc6 bxc6 15. Qe2 Rfd8 16. Ng3 Bg6 17. Rd1 Qe6 18. Be3 Rd7 19. Nh4 Bf7 20. Nhf5 Bf8 21. h4 a5 22. h5 Rb8 23. b3 Rbd8 24. d4 g6 25. hxg6 hxg6 26. Nh6+ Bxh6 27. Bxh6 Rxd4 28. Be3 Rxd1+ 29. Rxd1 Rxd1+ 30. Qxd1 Qe7 31. Qf3 Qe6 32. Ne4 Kg7 33. Nxf6 Nd7 34. Ng4 Qf5 1/2-1/2

[Event "GER-ch (Women)"]
[Site "Osterburg"]
[Date "2007.07.09"]
[Round "4"]
[White "Franzenburg, Maria"]
[Black "Samorukova, Jana"]
[Result "1/2-1/2"]
[WhiteElo "1580"]
[BlackElo "1776"]
[PlyCount "39"]
[EventDate "2007.07.05"]
[EventType "swiss"]
[EventRounds "9"]
[EventCountry "GER"]
[SourceTitle "CBM 119 Extra"]
[Source "ChessBase"]
[SourceDate "2007.09.04"]
[SourceVersion "1"]
[SourceVersionDate "2007.09.04"]
[SourceQuality "1"]

1. e4 e5 2. Nf3 Nc6 3. Bb5 f5 4. exf5 e4 5. Qe2 Qe7 6. Bxc6 dxc6 7. Nd4 Qe5 8. Nb3 Bxf5 9. d4 Qe6 10. 0-0 0-0-0 11. Re1 Bd6 12. Nc3 Re8 13. Be3 Bg4 14. Qd2 Qg6 15. Bf4 Bf3 16. Bg3 Bg4 17. Qe3 Nf6 18. Nd2 Bf5 19. Bxd6 cxd6 20. Qg3 1/2-1/2

[Event "GER-ch (Women)"]
[Site "Osterburg"]
[Date "2007.07.07"]
[Round "2"]
[White "Kohls, Vera"]
[Black "Samorukova, Jana"]
[Result "1/2-1/2"]
[WhiteElo "1945"]
[BlackElo "1776"]
[PlyCount "30"]
[EventDate "2007.07.05"]
[EventType "swiss"]
[EventRounds "9"]
[EventCountry "GER"]
[SourceTitle "CBM 119 Extra"]
[Source "ChessBase"]
[SourceDate "2007.09.04"]
[SourceVersion "1"]
[SourceVersionDate "2007.09.04"]
[SourceQuality "1"]

1. d4 d5 2. Nf3 Nf6 3. c3 g6 4. Bg5 Bg7 5. Nbd2 0-0 6. e3 b6 7. Bd3 Bb7 8. 0-0 Ne4 9. Bh4 Nd7 10. Qc2 Ndf6 11. Ne5 Nxd2 12. Qxd2 Ne4 13. Qc2 f6 14. Nf3 e6 15. Nd2 Nxd2 1/2-1/2

[Event "GER-chT U20 Girls"]
[Site "Naunhof"]
[Date "2005.12.29"]
[Round "6.1"]
[White "Samorukova, Jana"]
[Black "Bergerhoff, Corinna"]
[Result "1-0"]
[WhiteElo "1609"]
[BlackElo "1541"]
[PlyCount "103"]
[EventDate "2005.12.27"]
[EventType "team-swiss"]
[EventRounds "7"]
[EventCountry "GER"]
[SourceTitle "CBM 110 Extra"]
[Source "ChessBase"]
[SourceDate "2006.03.10"]
[SourceVersion "2"]
[SourceVersionDate "2006.03.10"]
[SourceQuality "1"]

1. d4 Nf6 2. Bg5 d5 3. e3 Bf5 4. Bxf6 exf6 5. c4 Bb4+ 6. Nc3 0-0 7. Rc1 Be6 8. Qb3 Nc6 9. c5 Re8 10. Bd3 Bg4 11. Nge2 Bxc3+ 12. Rxc3 Na5 13. Qc2 h6 14. 0-0 Qd7 15. Ng3 Re7 16. Ra3 Nc6 17. h3 Be6 18. Rb1 Nb4 19. Qd2 Nxd3 20. Qxd3 a6 21. b4 Ree8 22. Rab3 h5 23. Qe2 Bf5 24. Nxf5 Qxf5 25. b5 a5 26. a4 b6 27. Rc1 Rac8 28. Rbc3 g6 29. Kh2 Kg7 30. Qa2 Rcd8 31. cxb6 cxb6 32. Rc6 Re6 33. Qc2 Qxc2 34. R1xc2 Kf8 35. Rxe6 fxe6 36. Rc6 Ke7 37. Rxb6 Ra8 38. Ra6 Rb8 39. Rxa5 Kd7 40. Ra6 g5 41. b6 Kc6 42. a5 e5 43. Kg3 Rb7 44. Kf3 Rb8 45. Ra7 exd4 46. exd4 f5 47. Ke3 f4+ 48. Kd3 g4 49. hxg4 hxg4 50. Kc3 f3 51. gxf3 gxf3 52. Kb4 1-0

[Event "GER-chT U20 Girls"]
[Site "Naunhof"]
[Date "2005.12.27"]
[Round "1.1"]
[White "Giss, Helene"]
[Black "Samorukova, Jana"]
[Result "1/2-1/2"]
[WhiteElo "1969"]
[BlackElo "1609"]
[PlyCount "53"]
[EventDate "2005.12.27"]
[EventType "team-swiss"]
[EventRounds "7"]
[EventCountry "GER"]
[SourceTitle "CBM 110 Extra"]
[Source "ChessBase"]
[SourceDate "2006.03.10"]
[SourceVersion "2"]
[SourceVersionDate "2006.03.10"]
[SourceQuality "1"]

1. e4 e5 2. Nf3 Nc6 3. d4 exd4 4. Nxd4 Nf6 5. Nc3 Bb4 6. Nxc6 bxc6 7. Bd3 d5 8. exd5 cxd5 9. 0-0 0-0 10. Bg5 c6 11. Qf3 h6 12. Bxf6 Qxf6 13. Qxf6 gxf6 14. Ne2 Re8 15. c3 Bf8 16. Rfe1 Bd7 17. Ng3 Rxe1+ 18. Rxe1 Re8 19. Rxe8 Bxe8 20. Nh5 Be7 21. Kf1 Bd7 22. h3 Kf8 23. Ke2 Bd8 24. Ng3 Ke7 25. Bf5 Be6 26. Bc2 Bb6 27. Nf5+ 1/2-1/2

[Event "NRW-ch U16/18 Girls"]
[Site "Kranenburg"]
[Date "2005.03.30"]
[Round "4"]
[White "Samorukova, Jana"]
[Black "Wirths, Clara"]
[Result "0-1"]
[WhiteElo "1522"]
[BlackElo "1783"]
[PlyCount "62"]
[EventDate "2005.03.28"]
[EventType "swiss"]
[EventRounds "7"]
[EventCountry "GER"]
[SourceTitle "CBM 105 Extra"]
[Source "ChessBase"]
[SourceDate "2005.05.01"]
[SourceVersion "1"]
[SourceVersionDate "2005.05.01"]
[SourceQuality "1"]

1. d4 Nf6 2. Bg5 Ne4 3. Bf4 f5 4. Nf3 e6 5. Nbd2 Be7 6. e3 b6 7. Nxe4 fxe4 8. Nd2 0-0 9. Nxe4 d5 10. Nd2 c5 11. c3 Bd6 12. Bg3 Nc6 13. Bd3 e5 14. dxe5 Nxe5 15. Bxe5 Bxe5 16. Qh5 h6 17. Qxe5 Re8 18. Qf4 Rf8 19. Qg3 d4 20. Bc4+ Kh8 21. 0-0-0 dxc3 22. bxc3 b5 23. Bb3 Qa5 24. Kb1 c4 25. Bc2 b4 26. cxb4 Qxb4+ 27. Ka1 Qc3+ 28. Kb1 Bf5 29. Bxf5 Rab8+ 30. Nb3 cxb3 31. Qxb8 Rxb8 0-1

[Event "GER-chT U20 Girls"]
[Site "Pori"]
[Date "2004.12.27"]
[Round "1.1"]
[White "Dietzen, Corinna"]
[Black "Samorukova, Jana"]
[Result "1-0"]
[WhiteElo "1852"]
[BlackElo "1500"]
[PlyCount "67"]
[EventDate "2004.12.27"]
[EventType "team"]
[EventRounds "7"]
[EventCountry "GER"]
[SourceTitle "EXT 2006"]
[Source "ChessBase"]
[SourceDate "2005.11.24"]
[SourceVersion "1"]
[SourceVersionDate "2005.11.24"]
[SourceQuality "1"]

1. c4 e6 2. Nc3 d5 3. cxd5 exd5 4. d4 c6 5. Nf3 Bd6 6. e3 Bf5 7. a3 Nd7 8. Bd3 Bxd3 9. Qxd3 Ne7 10. 0-0 0-0 11. e4 dxe4 12. Nxe4 Bc7 13. b4 Nd5 14. Bb2 Re8 15. Rfe1 Nf4 16. Qc4 Nb6 17. Qc2 Nbd5 18. Neg5 Ng6 19. Qf5 Qf6 20. Qd3 a6 21. Qb3 Qf5 22. Rad1 Rad8 23. Nh3 h6 24. a4 Qd7 25. Ne5 Nxe5 26. dxe5 Re6 27. Nf4 Re7 28. b5 g5 29. bxc6 bxc6 30. Nd3 Rb8 31. Qc2 Ba5 32. Re2 Qe6 33. Nc5 Qg6 34. Nxa6 1-0

[Event "NRW-ch U16/18 Girls"]
[Site "Wolfsburg"]
[Date "2004.04.14"]
[Round "4"]
[White "Koenig, Daniela"]
[Black "Samorukova, Jana"]
[Result "0-1"]
[WhiteElo "1594"]
[BlackElo "1380"]
[PlyCount "46"]
[EventDate "2004.04.??"]
[EventType "swiss"]
[EventRounds "7"]
[EventCountry "GER"]
[SourceTitle "EXT 2005"]
[Source "ChessBase"]
[SourceDate "2004.11.15"]
[SourceVersion "1"]
[SourceVersionDate "2004.11.15"]
[SourceQuality "1"]

1. e4 c6 2. d4 d5 3. Nc3 dxe4 4. Nxe4 Bf5 5. Ng3 Bg6 6. h4 h6 7. h5 Bh7 8. Nf3 Nd7 9. Bc4 Qc7 10. 0-0 e6 11. Be3 Ngf6 12. Qd2 Bd6 13. Ne2 Nxh5 14. c3 0-0-0 15. Rae1 Nhf6 16. Bf4 g5 17. Bxd6 Qxd6 18. b4 Ne4 19. Qe3 Ndf6 20. Ne5 Qc7 21. Qh3 Bf5 22. g4 Nxg4 23. Qf3 Nxe5 0-1